<?xml version="1.0" encoding="UTF-8"?>
<record
    xmlns:xsi="http://www.w3.org/2001/XMLSchema-instance"
    xsi:schemaLocation="http://www.loc.gov/MARC21/slim http://www.loc.gov/standards/marcxml/schema/MARC21slim.xsd"
    xmlns="http://www.loc.gov/MARC21/slim">

  <leader>02401cab a2200301Ia 45 0</leader>
  <controlfield tag="001">u193375</controlfield>
  <controlfield tag="003">SIRSI</controlfield>
  <controlfield tag="008">110710s2008    ua     ss b         eng d</controlfield>
  <datafield tag="040" ind1=" " ind2=" ">
    <subfield code="a">EAL</subfield>
  </datafield>
  <datafield tag="041" ind1=" " ind2=" ">
    <subfield code="a">eng</subfield>
    <subfield code="b">ara</subfield>
  </datafield>
  <datafield tag="090" ind1=" " ind2=" ">
    <subfield code="a">ART MJAE V25 NO4 13</subfield>
  </datafield>
  <datafield tag="100" ind1="1" ind2=" ">
    <subfield code="a">Elbatawi, I. E.</subfield>
  </datafield>
  <datafield tag="240" ind1="1" ind2="0">
    <subfield code="a">Misr Journal of Agricultural Engineering, 2008 v.28 (4)</subfield>
    <subfield code="h">[electronic resource].</subfield>
  </datafield>
  <datafield tag="245" ind1="1" ind2="0">
    <subfield code="a">Determination of potato water content using NIR diffuse reflection method</subfield>
    <subfield code="h">[electronic resource].</subfield>
  </datafield>
  <datafield tag="246" ind1="1" ind2="5">
    <subfield code="a">&#x62A;&#x642;&#x62F;&#x64A;&#x631; &#x627;&#x644;&#x645;&#x62D;&#x62A;&#x648;&#x649; &#x627;&#x644;&#x645;&#x627;&#x626;&#x649; &#x644;&#x644;&#x628;&#x637;&#x627;&#x637;&#x633; &#x628;&#x627;&#x633;&#x62A;&#x62E;&#x62F;&#x627;&#x645; &#x62E;&#x627;&#x635;&#x64A;&#x629; &#x627;&#x646;&#x639;&#x643;&#x627;&#x633; &#x627;&#x644;&#x627;&#x634;&#x639;&#x629; .&#x202A;&#x202A;</subfield>
  </datafield>
  <datafield tag="300" ind1=" " ind2=" ">
    <subfield code="a">p.1279-1292.</subfield>
  </datafield>
  <datafield tag="504" ind1=" " ind2=" ">
    <subfield code="a">Includes references.</subfield>
  </datafield>
  <datafield tag="520" ind1=" " ind2=" ">
    <subfield code="a">Spectroscopic techniques with near infrared (NIR) method has been used for the compositional, functional and sensory analysis of food ingredients, process intermediates, and final products all over the world. This study demonstrated a potential way to predict water content in potatoes (Diamant variety) using electric heater, spectroscopy within visible (VIS) and near infrared (NIR) spectral data.The data was selected to establish a prediction models to estimate potato water content (with or without skin). Partial least square regression was used to establish calibration models for predicting the water content in potato samples. Significant wavelength ranges of 750-900, 1000-1150 and 1350-1550 nm was used to predict potato water content without skin. On the other hand, significant wavelength ranges of 750-900, 1000-1250 and 1350-1550 nm was used to predict potato water content with skin according to the experiment results. For potatoes without skin, the R2 values for prediction of water content was 0.994 and it was 0.997 for potatoes with skin. The residual error was found to be lower for validation set in both test sets using the select wavelength segments. Results also concluded that, spectrometer is accurate, easy and faster than electric heater for the same amount of potato.</subfield>
  </datafield>
  <datafield tag="546" ind1=" " ind2=" ">
    <subfield code="a">Summary in Arabic.</subfield>
  </datafield>
  <datafield tag="650" ind1=" " ind2="0">
    <subfield code="a">Water content in plants.</subfield>
  </datafield>
  <datafield tag="650" ind1=" " ind2="0">
    <subfield code="a">Potatoes</subfield>
    <subfield code="x">Research.</subfield>
  </datafield>
  <datafield tag="650" ind1=" " ind2="0">
    <subfield code="a">Near infrared spectroscopy.</subfield>
  </datafield>
  <datafield tag="700" ind1="1" ind2=" ">
    <subfield code="a">Ebaid,  M. T.</subfield>
  </datafield>
  <datafield tag="700" ind1="1" ind2=" ">
    <subfield code="a">Hemeda,  B. E.</subfield>
  </datafield>
  <datafield tag="773" ind1="0" ind2=" ">
    <subfield code="t">Misr Journal of Agricultural Engineering. </subfield>
    <subfield code="g">2008.v.25(4)</subfield>
    <subfield code="x">1687-384X</subfield>
    <subfield code="7">nnas</subfield>
    <subfield code="w">u192786</subfield>
  </datafield>
  <datafield tag="856" ind1="4" ind2="0">
    <subfield code="u">http://nile.enal.sci.eg/EALE/2008/MJAE/2508/4/1279.pdf</subfield>
    <subfield code="z">Full Text Article</subfield>
  </datafield>
  <datafield tag="596" ind1=" " ind2=" ">
    <subfield code="a">1</subfield>
  </datafield>
  <datafield tag="942" ind1=" " ind2=" ">
    <subfield code="c">AR</subfield>
    <subfield code="2">lcc</subfield>
  </datafield>
  <datafield tag="999" ind1=" " ind2=" ">
    <subfield code="c">46905</subfield>
    <subfield code="d">46905</subfield>
  </datafield>
</record>
